00638nam a2200217 a 4500001001300000003000900013005001700022008004100039020001000080082001600090100001700106245003800123260004400161300000900205500003500214650002500249902000800274942000700282952011600289999001500405nice12345678IN_TiNIC20260116011730.0050524s1970 boma grp 000 0 urd  ac10000a823.4bBUN1 aBunyan, John aMasihi MusafirbPilgrims Progress aBombaybGospel Literature Servicec1970 a193p aincludes index and biblioraphy aLiterature-Christian bSRS cBK 001040708StackRoom-aHMIbHMId2008-02-07g100.00l0o823.4 BUN1p05284r2008-02-07v100.00w2005-05-24yBK c3580d3580